Lynyrd Skynyrd Songs - Statistics

General Stats
  • This quiz has been taken 13 times
  • The average score is 6 of 15
Answer Stats
Answer % Correct
Free Bird
100%
Sweet Home Alabama
100%
Tuesdays Gone
83%
Simple Man
75%
Gimme Three Steps
67%
I Need You
33%
Saturday Night Special
33%
The Ballad of Curtis Loew
33%
Gimme Back My Bullets
25%
That Smell
25%
Dont Ask me No Questions
17%
On The Hunt
17%
All I can do is write about it
8%
The Needle and Spoon
8%
Working for MCA
0%
No matching quizzes found
Score Distribution
Percent of People with Each Score
Percentile by Number Answered
Your Score History
You have not taken this quiz